000 00412nam a2200157Ia 4500
008 210210b1980 xxu||||| |||| 00| 0 eng d
082 _a530 SAVP
100 _aSAVELYEV (I V).
245 _aPhysics a general course: mechanics molecular physics. V1
260 _aMoscow
_bMir Publishers
_c1980
300 _a439
440 _a1
650 _aMechanics molecular physics
690 _aPhysics
906 _a035338
999 _c86107
_d86107